|
|
|
|
| LEADER |
00000cam a2200000 7i4500 |
| 001 |
0000015064 |
| 005 |
20241022.0 |
| 008 |
240327 njua eng |
| 020 |
|
|
|a 0130081515 (hardback)
|
| 040 |
|
|
|a INS
|b eng
|e rda
|
| 090 |
0 |
0 |
|a HB171.5
|b .O84 2002
|
| 100 |
1 |
|
|a O'Sullivan, Arthur ,
|e author
|
| 245 |
1 |
0 |
|a Economics principles and tools
|c Arthur O'Sullivan, Steven M. Sheffrin
|
| 250 |
|
|
|a Third edition
|
| 264 |
|
1 |
|a New Jersey :
|b Prentice Hall
|c 2003
|
| 300 |
|
|
|a xxxii, 712 pages :
|b illustrations ;
|c 26 cm +.
|e 1 CD-ROM (4 3/4 in.)
|
| 336 |
|
|
|a text
|2 rdacontent
|
| 337 |
|
|
|a unmediated
|2 rdamedia
|
| 338 |
|
|
|a volume
|2 rdacarrier
|
| 500 |
|
|
|a Includes index
|
| 650 |
|
0 |
|a Economics
|
| 700 |
0 |
|
|a Sheffrin, Steven M. ,
|e author
|
| 999 |
|
|
|a 0000015321
|b BOOK
|c Open Shelf
|e Default branch
|
| 999 |
|
|
|a 0000015323
|b BOOK
|c Open Shelf
|e Default branch
|
| 999 |
|
|
|a 0000015324
|b BOOK
|c Open Shelf
|e Default branch
|
| 999 |
|
|
|a 0000015325
|b BOOK
|c Open Shelf
|e Default branch
|
| 999 |
|
|
|a 0000015333
|b BOOK
|c Open Shelf
|e Default branch
|
| 999 |
|
|
|a 0000015334
|b BOOK
|c Open Shelf
|e Default branch
|
| 999 |
|
|
|a 0000015335
|b BOOK
|c Open Shelf
|e Default branch
|